| 000 | 01305nam a2200301 4500 | ||
|---|---|---|---|
| 003 | EG-GICUC | ||
| 005 | 20260121101235.0 | ||
| 008 | 251117s1977 ua ||||fr|||| 00| 0 ara d | ||
| 017 | _a19775544 | ||
| 040 |
_a EG-GICUC _bara _c EG-GICUC _d EG-GICUC _erda |
||
| 041 | 0 | _aara | |
| 082 | 0 | 4 |
_221 _a341.81 _bف ؤ . و |
| 092 | 0 | 4 | _221 |
| 099 | _aLaw1 12 341.81 ف ؤ . و 1977 | ||
| 100 | 0 |
_aفؤاد عبدالمنعم رياض _eمؤلف. |
|
| 245 | 1 | 0 |
_aاحكام الجنسية في القانون المقارن وفي التشريع المصري : _cفؤاد عبدالمنعم رياض. _b(شرح احكام القانون رقم 26 لسنة 1975بشأن الجنسية المصرية) / |
| 264 | 1 |
_aالقاهرة : _bدار النهضة العربية، _c1977. |
|
| 300 |
_a؛421 صفحة _c24 سم. |
||
| 336 |
_2rda content _atext |
||
| 337 |
_2rda media _aComputer |
||
| 338 |
_2rda carrier _aOnline Resource |
||
| 504 | _aيحتوي على اراجاعات ببليوجرافية | ||
| 546 | _aالنص أغلبه باللغة العربية بعض النصوص الإنجليزية والفرنسية | ||
| 650 | 1 |
_aالجنسية -- قانون دولي _zمصر |
|
| 856 | 4 | 0 | _uhttps://fll.law.cu.edu.eg/fulltext/bks/B12-00525.pdf |
| 905 |
_a75 _eYara |
||
| 942 |
_2ddc _n0 _cBK _e21 |
||
| 999 |
_c43922 _d43922 |
||